00679nam a2200205 a 45000010005000000030005000050050017000100080041000270200015000680400020000831000021001032450133001242600032002576500029002896500025003186500028003436500042003717000036004137000024004493639CDMR20131209181847.0130130s1982||||||||||||||||||||||||||||d a8485834186 aCDMRbcatcCDMR1 aRemesar, Antonio10aTres ensayos sobre comunicaciónb: de la naturaleza a la culturacAntoni Remesar, Carles Riba y José Luis Rodríguez Illera aBarcelonac1982bMascarón04aComunicacióxFilosofia04aComunicació animal04aComunicació no verbal04aComunicacióxAspectes psicològics1 aRodríguez Illera, José Luis1 aRiba, Carlesd1949-